| 000 -ლიდერი |
| ფიქსირებული სიგრძის საკონტროლო ველი |
01374nam a2200253Ia 4500 |
| 001 - საკონტროლო ნომერი |
| საკონტროლო ველი |
5786 |
| 003 - საკონტროლო ნომრის იდენტიფიკატორი |
| საკონტროლო ველი |
GE_BSU |
| 005 - ბოლო ოპერაციის თარიღი და დრო |
| საკონტროლო ველი |
20190520191326.0 |
| 008 - ფიქსირებული სიგრძის მონაცემთა ელემენტები - ზოგადი ინფორმაცია |
| ფიქსირებული სიგრძის საკონტროლო ველი |
181216s1989||||ge |||||||||||||| ||geo|| |
| 040 ## - კატალოგიზაციის წყარო |
| Transcribing agency |
GE_BSU |
| 041 ## - ენის კოდი |
| Language code of text/sound track or separate title |
geo |
| 080 ## - უნივერსალური ათობითი კლასიფიკაციის ინდექსი |
| Universal Decimal Classification number |
681.51 : 69(075.8) მ-42 |
| 100 ## - მთავარი ჩანაწერი - პიროვნების სახელი |
| Personal name |
მაცეპონი, პ. |
| 9 (RLIN) |
1435 |
| 245 ## - ცნობა სათაურის შესახებ |
| Title |
ავტომატიკის სისტემების დაპროექტება მშენებლობაში : |
| Remainder of title |
დამხმ.სახელმძღვ. / |
| Statement of responsibility, etc |
პ. მაცეპონი, ა. ტანატარი, ნ. ფომენკო ; მთარგმნ. : ნ. თევდორაშვილი, რ. თევდორაშვილი. |
| 264 ## - წარმოების, გამოცემის, დისტრიბუციის და სხვა ცნობები |
| გამოცემის, წარმოების, დისტრიბუციის... ადგილი |
თბილისი : |
| გამოცემის, წარმოების, დისტრიბუციის... სახელწოდება |
განათლება, |
| გამოცემის, წარმოების, დისტრიბუციის... თარიღი |
1989. |
| 300 ## - ფიზიკური აღწერა |
| Extent |
278 გვ. ; |
| Dimensions |
22 სმ. |
| 653 ## - INDEX TERM--UNCONTROLLED |
| Uncontrolled term |
ავტომატიკის სისტემების დაპროექტება მშენებლობაში |
| 700 ## - ADDED ENTRY--PERSONAL NAME |
| Personal name |
ტანატარი, ა |
| Relator term |
ავტორი |
| 9 (RLIN) |
1436 |
| 700 ## - ADDED ENTRY--PERSONAL NAME |
| Personal name |
ფომენკო, ნ. |
| Relator term |
ავტორი |
| 9 (RLIN) |
1437 |
| 700 ## - ADDED ENTRY--PERSONAL NAME |
| Personal name |
თევდორაშვილი, ნ. |
| Relator term |
მთარგმნელი |
| 9 (RLIN) |
1438 |
| 700 ## - ADDED ENTRY--PERSONAL NAME |
| Personal name |
თევდორაშვილი, რ. |
| Relator term |
მთარგმნელი |
| 9 (RLIN) |
1439 |
| 710 ## - ADDED ENTRY--CORPORATE NAME |
| Corporate name or jurisdiction name as entry element |
. |
| 9 (RLIN) |
1440 |
| 942 ## - ADDED ENTRY ELEMENTS (KOHA) |
| Koha item type |
წიგნი |
| Source of classification or shelving scheme |
|